Realidad y fantasía en balzac /

Guardado en:
Autor Principal: Martínez Estrada, Ezequiel
Formato: Libro
Publicado: Bahía Blanca : Universidad Naciónal del Sur, 1964
Materias:
Etiquetas: Agregar Etiqueta
Sin Etiquetas, Sea el primero en etiquetar este registro!
LEADER 00874nam a22002415a 4500
001 CEM.cems004193
005 20101109123205.0
008 130507s1964##################000#0#####d
003 CEMS
082 0 4 |a A864.4 
100 1 |a Martínez Estrada, Ezequiel 
245 1 0 |a Realidad y fantasía en balzac /  |c Ezequiel Martínez Estrada 
260 |a Bahía Blanca :  |b Universidad Naciónal del Sur,  |c 1964 
300 |a 894 p. 
653 |a Literatura 
653 |a Literatura argentina 
653 |a Balzac honore de-biografía 
653 |a Ensayo 
653 |a Ensayo argentino-siglo 20 
859 |a CEMS  |b BIB. CEMS - 11 de abril  |h A864.4  |i M366-4  |p 10181.81  |t Ej.1 
859 |a CEMS  |b BIB. CEMS - 11 de abril  |h A864.4  |i M366-4  |p 10182.81  |t Ej.2 
859 |a CEMS  |b BIB. CEMS - 11 de abril  |h A864.4  |i M366-4  |p 10183.81  |t Ej.3 
859 |a CEMS  |b BIB. CEMS - 11 de abril  |h A864.4  |i M366-4  |p 10184.81  |t Ej.4